Normal view
MARC view
- تعليم تعاوني
Entry Topical Term
001 - CONTROL NUMBER
- control field: 21653
003 - CONTROL NUMBER IDENTIFIER
- control field: JO-AjAnu
005 - DATE AND TIME OF LATEST TRANSACTION
- control field: 20230606073741.0
008 - FIXED-LENGTH DATA ELEMENTS
- fixed length control field: 230606|| aca||aabn | a|a d
040 ## - CATALOGING SOURCE
- Original cataloging agency: JO-AjAnu
- Transcribing agency: JO-AjAnu
150 ## - HEADING--TOPICAL TERM
- Topical term or geographic name entry element: تعليم تعاوني
670 ## - SOURCE DATA FOUND
- Source citation: Work cat.: (JO-AjAnu)11125: أبو النصر،حمزة حمزة مؤلف/جمل،محمد جهاد م.مشارك, author 21652, التعلم التعاوني الفلسفة والممارسة:التعلم في المجموعات التعاونية ،المدرسة التعاونية،الإنضباط التعاوني